El gran circo del FOBAPROA /

Recuento del rescate bancario que, a través del Fondo Bancario de Protección al Ahorro, llevó a cabo el gobierno mexicano. El acercamiento al más grave suceso económico en México, la crisis financiera que se vivió a raíz de la devaluación del peso en 1994, se hace a través de sus principales actores...

Descripción completa

Guardado en:
Detalles Bibliográficos
Autor principal: Mendoza, Carlos (realización)
Otros autores: Mariña, Víctor (realización) (realización), Mendoza, Carlos (guión) (guión), Morales, Eliseo (fotógrafo) (fotógrafo), Salguero, Miguel (fotógrafo) (fotógrafo), Salguero, Jesús (fotógrafo) (fotógrafo)
Formato: Audiovisual
Idioma:Español
Publicado: México : Canal 6 de Julio, 1999, c1999
Temas:
Etiquetas: Agrega una etiqueta
Sin etiquetas, Sé el primero en etiquetar este registro!

MARC

LEADER 00000ngm^a2200000^a^4500
001 000105104
005 20250521000000.0
009 20260310093447.993
037 |a Acervo ITESO - Biblioteca 
041 |a ESP 
082 |a 320. 972  |b CAN V. 39 
100 |a Mendoza, Carlos  |e (realización) 
245 1 3 |a El gran circo del FOBAPROA /  |c Realización de C. Mendoza, V. Mariña. 
264 4 |a México :  |b Canal 6 de Julio,  |c 1999, c1999 
300 |a 1 videocasete VHS  |c (47 min.) 
336 |a imagen móvil bidimensional  |b tdi  |2 rdacontenido 
337 |a video  |b v  |2 rdamedio 
338 |a videocasete  |b vf  |2 rdasoporte 
520 |a Recuento del rescate bancario que, a través del Fondo Bancario de Protección al Ahorro, llevó a cabo el gobierno mexicano. El acercamiento al más grave suceso económico en México, la crisis financiera que se vivió a raíz de la devaluación del peso en 1994, se hace a través de sus principales actores, los banqueros y los empresarios mexicanos, así como de las movilizaciones de dedudores agrupados en El Barzón. 
649 |a XX 
650 |a Cartera Vencida -  |z México -  |x Historia -  |y 1994-2000 -  |x Tema Principal 
650 |a Crédito -  |z México -  |x Historia -  |y 1994-2000 -  |x Tema Principal 
650 |a Bancos y Operaciones Bancarias -  |z México -  |x Historia -  |y 1994-2000 
650 |a Política Financiera -  |z México 
650 |a Política Económica -  |z México 
650 |a Economía -  |z México -  |x Historia -  |y 1994-2000 
700 |a Mariña, Víctor  |e (realización) 
700 |a Mendoza, Carlos  |e (guión) 
700 |a Morales, Eliseo  |e (fotógrafo) 
700 |a Salguero, Miguel  |e (fotógrafo) 
700 |a Salguero, Jesús  |e (fotógrafo) 
910 |a Fondo General 
920 |a Audiovisuales - Videocasetes 
905 |a 301 
901 |a 0500027105  |b IT2  |c VIS  |u 20250521 
902 |a https://opac.biblio.iteso.mx/vufind/Record/000105104